Quiz Marseille - Statistiques

Statistiques générales
  • Ce quiz a été pris 156 fois
  • Le résultat moyen est 7 sur 17
Statistiques - réponses
Question Réponse % Correct
Quel est le nom du stade ? Stade Orange Vélodrome
92%
Combien il y a d'arrondissement ? 16
90%
Comment s'appelle le port ? Le vieux port
87%
Quel est le plat typique de Marseille ? La bouillabaisse
73%
Quel est l'alcool typique de Marseille ? Le Ricard
69%
Quel est l'arrondissement le plus peuplé de Marseille ? 13
60%
Comment s'appelle le quartier dans lequel Zidane a grandi ? La Castellane
59%
Quel était le nom grec antique de Marseille ? Massalia
58%
Comment s'appelle le maire actuel ? Benoit Payan
39%
En quelle année Marseille est devenue la capital européenne de la culture ? 2013
26%
Quel quartier est le plus pauvre de Marseille ? La Belle de Mai
26%
Quel est le quartier où l'on trouve la baie des singes ? Les Goudes
20%
Quel animal retrouve-t-on sur la gauche du logo de la ville de Marseille ? Un taureau
9%
Combien il y a t il d'habitant à Marseille ? (2021) 873 076
5%
Quel est le monument le plus connue ? Basilique notre dame de la garde
5%
Quelle est la devise de Marseille ? Actibus immensis urbs fulget Massiliensis
1%
Quelle est la plus vieille église de Marseille ? St Laurent
1%
Aucun quiz correspondant
Distribution des résultats
% des personnes avec chaque résultat
Percentile par nombre de réponses
Votre historique - résultats
Vous n’avez pas pris ce quiz